| 000 | 00757nas a2200265 4500 | ||
|---|---|---|---|
| 001 | BR2015005267 | ||
| 003 | BR-BrBNA | ||
| 005 | 20231205125750.0 | ||
| 007 | ta | ||
| 008 | 230509b bl.|||p| |||| 00| 00por d | ||
| 040 |
_aBR-BrBNA _bpor _cBiblioteca Nacional de Agricultura |
||
| 041 | _a(Pt) | ||
| 072 | _aL51; F04 | ||
| 100 | 1 | _aSantos, E. | |
| 245 | 1 | _aTorta de mamona: alimento proteico e fertilizante natural | |
| 650 | _aMAMONA | ||
| 650 | _aPRODUCAO VEGETAL | ||
| 650 | _aTORTA | ||
| 650 | _aNUTRICAO ANIMAL | ||
| 650 | _aTOXIDEZ | ||
| 650 | _aFERTILIZANTE | ||
| 773 | 0 |
_tAgroenergia em revista (Brazil) _xISSN 2238-1023 _g(Jul 2013), v. 3(6) p. 46-47 _wBR2015005267 |
|
| 909 |
_a202311 _bLúcia _c55 _dLúcia Elande |
||
| 942 |
_2AGRIS _n0 _cANA |
||
| 999 |
_c246014 _d246014 |
||